000 01166cam a2200349 a 4500
001 6647
003 FISKH
005 20250828154915.0
008 990504s2001 nyua b 000 0 eng
010 _a 99032925
020 _a0060279338
020 _a0060279346 (lib. bdg.)
020 _a006445181X (pbk.)
040 _aDLC
_cDLC
_dDLC
_beng
050 _aQE862.S3 Z64
082 _a567.9129
100 1 _aZoehfeld, Kathleen Weidner.
245 1 0 _aTerrible tyrannosaurs /
_cby Kathleen Weidner Zoehfeld ; illustrated by Lucia Washburn.
260 _aNew York :
_bScholastic,
_c2001.
300 _a33 pages :
_bcolor illustrations ;
_c21 x 26 cm.
440 0 _aLet's-read-and-find-out science.
_nStage 2
520 _aDescribes what fossils tell us about the physical characteristics and behavior of the large carnivorous Tyrannosaurus rex.
650 0 _aTyrannosaurus rex
_vJuvenile literature.
650 1 _aTyrannosaurus rex.
650 1 _aDinosaurs.
650 1 _aFossils.
650 1 _aPaleontology.
700 1 _aWashburn, Lucia,
_eillustrator
906 _a7
_bcbc
_corignew
_d1
_eocip
_f19
_gy-gencatlg
942 _2ddc
_cBK
_n0
999 _c6647
_d6647